• 首页
  • 本馆介绍
  • 公告通知
  • 最新文献
  • 馆藏检索
  • 电子资源
  • 读者导购
  • 参考咨询
  • 我的图书馆
  • 登录
  • 详细信息显示
  • 放入我的书架
  • 预约/预借图书
  • 作者相关作品
  • 分类相关作品
  • 丛书相关作品
  • 出版社相关作品

书目信息

  • 表格格式
  • 工作单格式
  • 卡片格式
题名:
大学物理实验
    
 
作者: 陈小风 , 陈玉林 主编
分册:  
出版信息: 北京   高等教育出版社  2015
页数: 322页
开本: 23cm
丛书名: 高等学校物理实验教学示范中心系列教材
单 册:
中图分类: O4-33
科图分类:
主题词: 物理学--wu li xue--实验--高等学校--教材
电子资源:
ISBN: 978-7-04-041390-8
000 01228nam 2200289 450
001 012001002334
005 20131110152021.0
010    @a978-7-04-041390-8@dCNY32.50
099    @aCAL 012015037092
100    @a20150209d2015 em y0chiy50 ea
101 0  @achi
102    @aCN@b110000
105    @aak z 000yy
106    @ar
200 1  @a大学物理实验@Ada xue wu li shi yan@f主编陈小风, 陈玉林
210    @a北京@c高等教育出版社@d2015
215    @a322页@c图@d23cm
225 2  @a高等学校物理实验教学示范中心系列教材@Agao deng xue xiao wu li shi yan jiao xue shi fan zhong xin xi lie jiao cai
330    @a本书是为应用型高等院校编写的大学物理实验教材,共选编实验项目五十余个,分为测量之基础,定性半定量,基础 综合 应用,探究性小课题等4大部分。
333    @a本书除可作为高等学校理工科专业的“大学物理实验”课程的教材使用外,也可为“预备性物理实验”“探究性物理小课题实验”等课程选用,还可供文科为专业学生学习物理实验课程选用。
410  0 @12001@a高等学校物理实验教学示范中心系列教材
606 0  @a物理学@Awu li xue@x实验@x高等学校@j教材
690    @aO4-33@v5
701  0 @a陈小风@Achen xiao feng@4主编
701  0 @a陈玉林@Achen yu lin@4主编
801  0 @aCN@b北京卓展@c20191020
905    @b1205308-11@dO4-33@e1000@f4
    
    大学物理实验/主编陈小风, 陈玉林.-北京:高等教育出版社,2015
    322页:图;23cm.-(高等学校物理实验教学示范中心系列教材)
    使用对象:本书除可作为高等学校理工科专业的“大学物理实验”课程的教材使用外,也可为“预备性物理实验”“探究性物理小课题实验”等课程选用,还可供文科为专业学生学习物理实验课程选用。
    
    ISBN 978-7-04-041390-8:CNY32.50
    本书是为应用型高等院校编写的大学物理实验教材,共选编实验项目五十余个,分为测量之基础,定性半定量,基础 综合 应用,探究性小课题等4大部分。
●
相关链接 在E读中查询图书 在五车中查询图书 在当当中查询图书 在豆瓣中查询图书


正题名:大学物理实验     索取号:O4-33/1000         预约/预借

序号 登录号 条形码 馆藏地/架位号 状态 备注
1 1205308   212053089   第二样本阅览室/ [索取号:O4-33/1000] 在馆    
2 1205309   212053098   第三借阅区/ [索取号:O4-33/1000] 在馆    
3 1205310   212053105   第三借阅区/ [索取号:O4-33/1000] 在馆    
4 1205311   212053114   第三借阅区/ [索取号:O4-33/1000] 在馆    
唐山师范学院图书馆 欢迎您!
大连网信软件有限公司© 版权所有